00490nam a22001697a 450000500170000001000130001702000220003003500130005203700080006508200290007310000210010224500500012326000570017327000460023030000250027650000190030120170210130805.0 aB-026086 a8120317203c295.0 aB-026086 bDPL 23rd edition:2000a004.67 aStanek,William R aIncrease Your Web Traffic/cWilliam R. Stanek aNew DelhibPrentice Hall Of India c3rd edition:2000 aM-97,Connaught CircusbNew Delhi e110001 aXXI,312p.c24 cm(HB) aIncludes Index